Statystyki dla Wszystkie albumy Sentino

Kliknij tutaj aby rozwiązać quiz!

Ogólne statystyki

  • Ten quiz został rozwiązany 451 razy
    (27 od ostatniego zresetowania)
  • Średni wynik to 14 z 21

Statystyki odpowiedzi

Daty wydaniaAlbumy% Poprawnych
2014Zabójstwo Liryczne
100%
2022Megalomania
95%
2021Czary Mary
84%
2021King Sento
84%
2022ZL4EVER
84%
2021Fenix
79%
2022Aporofobia
74%
2023KOŁYSANKI DLA ULICY
74%
2020Zabójstwo Liryczne 0
74%
202020/20
63%
2021Zabójstwo Liryczne EPilog
63%
2015Zabójstwo Liryczne II
63%
2020Zabójstwo Liryczne III
63%
2005Sentino's way
58%
2021Smile
53%
2018El Malo
47%
2019Ganando la Vida
47%
2005Sentino's way II
47%
2017Sentino's Way III
47%
2023Wo ist mein Geld
42%
2006Ich bin Deutscher Hip Hop
37%

Rozkład punktacji

Percentyl według liczby udzielonych odpowiedzi

Procent ludzi z każdym wynikiem

Twoja historia wyników

Nie rozwiązałeś tego quizu od ostatniego zresetowania